Bài giảng điện hóa học
Gardado en:
| Autor Principal: | |
|---|---|
| Formato: | Libro |
| Publicado: |
Huế
ĐHSP Huế
2000
|
| Những chủ đề: | |
| Các nhãn: |
Engadir etiqueta
Sen Etiquetas, Sexa o primeiro en etiquetar este rexistro!
|
| Thư viện lưu trữ: | Trung tâm Học liệu Lê Vũ Hùng, Trường Đại học Đồng Tháp |
|---|
| LEADER | 00822pam a22002778a 4500 | ||
|---|---|---|---|
| 001 | 00023822 | ||
| 005 | 20171026081022.0 | ||
| 008 | 110630s2000 ||||||Viesd | ||
| 041 | 0 | # | |a Vie |
| 082 | 1 | 4 | |a 541.071 |b B103GI |
| 100 | 0 | # | |a Lê Tự Hải |
| 245 | 0 | 0 | |a Bài giảng điện hóa học |c Lê Tự Hải |
| 260 | # | # | |a Huế |b ĐHSP Huế |c 2000 |
| 300 | # | # | |a 61cm. |c 27 cm. |
| 500 | # | # | |a ĐTTS ghi: Bộ GD và ĐT.ĐH Huế. Trường ĐHSP |
| 653 | # | # | |a bài giảng |
| 653 | # | # | |a hóa học |
| 653 | # | # | |a điện li |
| 852 | # | # | |b Kho giáo trình |j KGT.0007644 |
| 852 | # | # | |b Kho mượn |j KGT.0007644 |
| 852 | # | # | |j KGT.0007644 |
| 910 | 0 | # | |d 30/06/2011 |
| 980 | # | # | |a Trung tâm Học liệu Lê Vũ Hùng, Trường Đại học Đồng Tháp |